[Event "Mauricie op"]
[Site "Trois-Rivieres CAN"]
[Date "2012.03.18"]
[Round "4"]
[White "Sambuev, Bator"]
[Black "Castellanos Rodriguez, Renier"]
[Result "1-0"]
[WhiteElo "2568"]
[BlackElo "2522"]
[PlyCount "117"]
[GameId "2160767909575916"]
[EventDate "2012.03.16"]
[EventType "swiss"]
[EventRounds "5"]
[EventCountry "CAN"]
[SourceTitle "EXT 2022"]
[Source "ChessBase"]
[SourceDate "2021.10.06"]
[SourceVersion "1"]
[SourceVersionDate "2021.10.06"]
[SourceQuality "1"]

1. d4 Nf6 2. Nf3 g6 3. c4 Bg7 4. Nc3 O-O 5. e4 d6 6. Be2 e5 7. O-O Nc6 8. d5 Ne7 9. Ne1 Nd7 10. Be3 f5 11. f3 f4 12. Bf2 g5 13. Rc1 a6 14. Nd3 b6 15. b4 Rf6 16. c5 Rh6 17. cxd6 cxd6 18. g4 fxg3 19. hxg3 Nf6 20. Be3 Ng6 21. Kf2 Rh2+ 22. Ke1 b5 23. Kd2 Nh5 24. Rf2 Rh3 25. g4 Ng3 26. Bf1 Rh1 27. Ne2 Nxe2 28. Qxe2 Bd7 29. Rh2 Rxh2 30. Qxh2 Nf4 31. Kd1 a5 32. Qd2 axb4 33. Nxb4 h5 34. gxh5 g4 35. fxg4 Bxg4+ 36. Kc2 Bf3 37. Bxb5 Bxe4+ 38. Kb3 Qh4 39. a4 Qxh5 40. Bc6 Rb8 41. Ba7 Rf8 42. Re1 Bg6 43. a5 Qf3+ 44. Ka4 e4 45. Re3 Qf1 46. Rg3 Qa1+ 47. Ra3 Qf1 48. a6 Nd3 49. Nxd3 exd3 50. Be3 Be8 51. Qxd3 Qf3 52. Bxe8 Rxe8 53. a7 Qg4+ 54. Kb3 Ra8 55. Ra4 Qf3 56. Rf4 Qg2 57. Qe4 Qb2+ 58. Ka4 Qa2+ 59. Kb5 1-0

[Event "Mauricie op"]
[Site "Trois-Rivieres CAN"]
[Date "2012.03.18"]
[Round "4"]
[White "Wilkin, Alain"]
[Black "Soucy, Hermil"]
[Result "1-0"]
[WhiteElo "2004"]
[BlackElo "1374"]
[PlyCount "38"]
[GameId "2160767909575917"]
[EventDate "2012.03.16"]
[EventType "swiss"]
[EventRounds "5"]
[EventCountry "CAN"]
[SourceTitle "EXT 2022"]
[Source "ChessBase"]
[SourceDate "2021.10.06"]
[SourceVersion "1"]
[SourceVersionDate "2021.10.06"]
[SourceQuality "1"]

1. c4 c5 2. Nc3 e6 3. e4 Nc6 4. Nf3 g6 5. d4 cxd4 6. Nxd4 Bg7 7. Ndb5 Nge7 8. Nd6+ Kf8 9. Be3 b6 10. f4 h6 11. Qd2 Kg8 12. Be2 f5 13. e5 Ba6 14. Rd1 Nxe5 15. fxe5 Bxe5 16. Ndb5 Nc6 17. Qxd7 Qxd7 18. Rxd7 Rh7 19. Rxh7 Rc8 1-0

[Event "Mauricie op"]
[Site "Trois-Rivieres CAN"]
[Date "2012.03.18"]
[Round "4"]
[White "Wu, Qiyou"]
[Black "Bergeron, Carl"]
[Result "1-0"]
[WhiteElo "2004"]
[BlackElo "1374"]
[PlyCount "81"]
[GameId "2160767909575918"]
[EventDate "2012.03.16"]
[EventType "swiss"]
[EventRounds "5"]
[EventCountry "CAN"]
[SourceTitle "EXT 2022"]
[Source "ChessBase"]
[SourceDate "2021.10.06"]
[SourceVersion "1"]
[SourceVersionDate "2021.10.06"]
[SourceQuality "1"]

1. e4 c5 2. Nf3 d6 3. d4 cxd4 4. Nxd4 Nf6 5. Nc3 a6 6. Bg5 b5 7. Bxf6 gxf6 8. a4 b4 9. Nd5 Bg7 10. a5 Ra7 11. Nxb4 Bd7 12. Nd5 Nc6 13. Nxc6 Bxc6 14. Qg4 O-O 15. Bd3 Kh8 16. Qh5 e5 17. Ne3 Bd7 18. O-O Qc8 19. b4 f5 20. Nxf5 Bxf5 21. exf5 f6 22. c4 Rg8 23. b5 Bf8 24. Qf3 Bh6 25. b6 Rag7 26. g3 Bf4 27. Be4 Qc5 28. Kh1 Bd2 29. Bd5 Rb8 30. Qa3 Bb4 31. Qa4 Bc3 32. Ra2 Rg4 33. Rc1 Bd4 34. Rcc2 h5 35. Qc6 Qb4 36. Qc7 Rbg8 37. Qf7 Qe1+ 38. Kg2 Rxg3+ 39. hxg3 Rxg3+ 40. fxg3 Qg1+ 41. Kh3 1-0

[Event "Mauricie op"]
[Site "Trois-Rivieres CAN"]
[Date "2012.03.18"]
[Round "5"]
[White "Castellanos Rodriguez, Renier"]
[Black "Khassanov, Marat"]
[Result "1-0"]
[WhiteElo "2522"]
[BlackElo "2256"]
[PlyCount "95"]
[GameId "2160767909575919"]
[EventDate "2012.03.16"]
[EventType "swiss"]
[EventRounds "5"]
[EventCountry "CAN"]
[SourceTitle "EXT 2022"]
[Source "ChessBase"]
[SourceDate "2021.10.06"]
[SourceVersion "1"]
[SourceVersionDate "2021.10.06"]
[SourceQuality "1"]

1. e4 e5 2. Nf3 d6 3. d4 Nf6 4. Nc3 Nbd7 5. Bc4 Be7 6. O-O O-O 7. a4 c6 8. Ba2 Qe8 9. Re1 Bd8 10. h3 Ba5 11. Bd2 h6 12. Re2 Bc7 13. Be3 Qe7 14. Nh4 Rd8 15. Nf5 Qf8 16. Rd2 exd4 17. Bxd4 Ne5 18. Ng3 Qe7 19. f4 Ng6 20. Qf3 Nf8 21. Re2 Bb6 22. Bxb6 axb6 23. Rae1 Be6 24. Bxe6 Qxe6 25. b3 Qd7 26. Qf2 Qc7 27. Nf5 Ng6 28. Qf3 Ne7 29. Ng3 Ng6 30. Nd1 b5 31. axb5 Qb6+ 32. Ne3 Qxb5 33. Nef5 Ra2 34. Kh1 Qa5 35. Kh2 Rxc2 36. e5 Rxe2 37. Rxe2 dxe5 38. fxe5 Ne8 39. e6 f6 40. Qh5 Kh7 41. Re4 Qd2 42. e7 Rd5 43. Rg4 Ne5 44. Rxg7+ Nxg7 45. Nxg7 Ng6 46. e8=Q Nf4 47. Qe4+ f5 48. Qf7 1-0

[Event "Mauricie op"]
[Site "Trois-Rivieres CAN"]
[Date "2012.03.18"]
[Round "5"]
[White "Chiku-Ratte, Olivier-Kenta"]
[Black "Chabot, Roland"]
[Result "1-0"]
[WhiteElo "2116"]
[BlackElo "2146"]
[PlyCount "93"]
[GameId "2160767909575920"]
[EventDate "2012.03.16"]
[EventType "swiss"]
[EventRounds "5"]
[EventCountry "CAN"]
[SourceTitle "EXT 2022"]
[Source "ChessBase"]
[SourceDate "2021.10.06"]
[SourceVersion "1"]
[SourceVersionDate "2021.10.06"]
[SourceQuality "1"]

1. c4 f5 2. Nc3 Nf6 3. d3 e5 4. g3 Nc6 5. Bg2 Bb4 6. Bd2 d6 7. e3 O-O 8. Nge2 Ne7 9. O-O c6 10. Qb3 Bxc3 11. Nxc3 Kh8 12. Rfd1 Ng6 13. d4 e4 14. Be1 h5 15. h4 Ng4 16. Ne2 Qe7 17. Nf4 Nxf4 18. exf4 Be6 19. Qc3 a5 20. Bd2 Rfc8 21. Be3 b5 22. cxb5 cxb5 23. Qd2 Bd5 24. Bf1 Qb7 25. b3 Nf6 26. Rdc1 b4 27. Bc4 Rc6 28. a3 Rac8 29. Qe2 g6 30. axb4 Qxb4 31. Bd2 Bxc4 32. bxc4 Qb3 33. Rc3 Qb2 34. Rac1 e3 35. fxe3 Ne4 36. R3c2 Qb3 37. d5 Rc5 38. Bc3+ Nxc3 39. Rxc3 Qb6 40. Qd3 Re8 41. Qd4+ Kh7 42. Qf6 Rb8 43. Qf7+ Kh6 44. g4 fxg4 45. f5 gxf5 46. Qf6+ Kh7 47. Qxf5+ 1-0

[Event "Mauricie op"]
[Site "Trois-Rivieres CAN"]
[Date "2012.03.18"]
[Round "5"]
[White "Guo, Forest"]
[Black "Auger, Bertrand"]
[Result "1-0"]
[WhiteElo "1904"]
[BlackElo "1966"]
[PlyCount "65"]
[GameId "2160767909575921"]
[EventDate "2012.03.16"]
[EventType "swiss"]
[EventRounds "5"]
[EventCountry "CAN"]
[SourceTitle "EXT 2022"]
[Source "ChessBase"]
[SourceDate "2021.10.06"]
[SourceVersion "1"]
[SourceVersionDate "2021.10.06"]
[SourceQuality "1"]

1. e4 e6 2. d4 d5 3. e5 c5 4. c3 Nc6 5. Nf3 Qb6 6. Be2 cxd4 7. cxd4 Nh6 8. Nc3 Nf5 9. Bb5 Bd7 10. Bxc6 Qxc6 11. O-O Be7 12. Bf4 Rc8 13. Qd2 Bb4 14. Rfc1 Qa6 15. a3 Be7 16. Bg5 f6 17. Bf4 h5 18. Re1 Kf7 19. Rac1 Rc6 20. Ne2 Rhc8 21. Rxc6 bxc6 22. exf6 gxf6 23. Ng3 Nxg3 24. Bxg3 Bf8 25. Qf4 Kg7 26. Bh4 Be7 27. Qg3+ Kh7 28. Ne5 Rg8 29. Qh3 Qc8 30. Bxf6 Bf8 31. Qxh5+ Bh6 32. Qf7+ Bg7 33. Qg6+ 1-0

[Event "Mauricie op"]
[Site "Trois-Rivieres CAN"]
[Date "2012.03.18"]
[Round "5"]
[White "Hebert, Jean"]
[Black "Sambuev, Bator"]
[Result "1-0"]
[WhiteElo "2434"]
[BlackElo "2568"]
[PlyCount "119"]
[GameId "2160767909575922"]
[EventDate "2012.03.16"]
[EventType "swiss"]
[EventRounds "5"]
[EventCountry "CAN"]
[SourceTitle "EXT 2022"]
[Source "ChessBase"]
[SourceDate "2021.10.06"]
[SourceVersion "1"]
[SourceVersionDate "2021.10.06"]
[SourceQuality "1"]

1. c4 c5 2. Nf3 Nc6 3. Nc3 e5 4. e3 Nf6 5. a3 Be7 6. d4 exd4 7. exd4 d5 8. dxc5 d4 9. Na4 O-O 10. Bd3 Bg4 11. O-O Ne5 12. Re1 Bxf3 13. gxf3 Nxd3 14. Qxd3 Re8 15. Bf4 Nh5 16. Bg3 Qd7 17. Nc3 Bxc5 18. Nd5 Nxg3 19. hxg3 b5 20. b3 bxc4 21. bxc4 Re6 22. Kg2 Rc8 23. Rh1 h6 24. Rh4 Qa4 25. Rf4 Bd6 26. Rxd4 Be5 27. Re4 Bxa1 28. Rxe6 fxe6 29. Ne7+ Kf7 30. Nxc8 Bb2 31. Nd6+ Ke7 32. Nb5 a6 33. Qd6+ Kf7 34. Qd7+ Kf6 35. Qd2 Be5 36. f4 Ba1 37. Qd8+ Kf7 38. Nd6+ Kg6 39. Qc8 Qxa3 40. Qxe6+ Kh7 41. Qe4+ Kg8 42. Qd5+ Kh8 43. c5 Qa5 44. Qa8+ Kh7 45. Qe4+ Kh8 46. Nf7+ Kg8 47. Qc4 Kf8 48. Nd6 Qc7 49. Qe6 g6 50. Qxg6 a5 51. Qxh6+ Kg8 52. Qe6+ Kf8 53. Qf5+ Kg8 54. Qd5+ Kh7 55. c6 a4 56. Ne4 Qg7 57. Qd7 a3 58. Ng5+ Kg6 59. Qe8+ Kh6 60. Nf7+ 1-0

[Event "Mauricie op"]
[Site "Trois-Rivieres CAN"]
[Date "2012.03.18"]
[Round "5"]
[White "Libersan, Thierry"]
[Black "Djerkovic, Miladin"]
[Result "1-0"]
[WhiteElo "2084"]
[BlackElo "2277"]
[PlyCount "89"]
[GameId "2160767909575923"]
[EventDate "2012.03.16"]
[EventType "swiss"]
[EventRounds "5"]
[EventCountry "CAN"]
[SourceTitle "EXT 2022"]
[Source "ChessBase"]
[SourceDate "2021.10.06"]
[SourceVersion "1"]
[SourceVersionDate "2021.10.06"]
[SourceQuality "1"]

1. e4 e5 2. Nf3 Nc6 3. Bb5 a6 4. Ba4 Nf6 5. O-O Be7 6. Re1 b5 7. Bb3 d6 8. c3 O-O 9. h3 Nd7 10. d4 Bf6 11. d5 Ne7 12. a4 Bb7 13. Nbd2 Nc5 14. Bc2 c6 15. dxc6 Bxc6 16. axb5 axb5 17. Rxa8 Qxa8 18. Qe2 Rb8 19. Nf1 b4 20. Ng3 bxc3 21. bxc3 Ng6 22. c4 Nf4 23. Qd1 Nfe6 24. Nf5 Nxe4 25. Qd3 N6c5 26. Qd1 Rd8 27. Nh2 Kh8 28. f3 Ng5 29. Ng4 Bxf3 30. gxf3 Nxf3+ 31. Kf2 Nxe1 32. Qxe1 Qa7 33. Be3 Bg5 34. Kg2 Bxe3 35. Ngxe3 g6 36. Qh4 Qa8+ 37. Kh2 Nd7 38. Nxd6 Rf8 39. Qe7 Qf3 40. Ng2 Kg7 41. Qxd7 Rb8 42. Be4 Qf2 43. Qe7 Rb3 44. Qxe5+ Kg8 45. c5 1-0

[Event "Mauricie op"]
[Site "Trois-Rivieres CAN"]
[Date "2012.03.18"]
[Round "5"]
[White "Luo, Zhao Yang"]
[Black "Bolduc, Steve"]
[Result "0-1"]
[WhiteElo "2072"]
[BlackElo "2310"]
[PlyCount "104"]
[GameId "2160767909575924"]
[EventDate "2012.03.16"]
[EventType "swiss"]
[EventRounds "5"]
[EventCountry "CAN"]
[SourceTitle "EXT 2022"]
[Source "ChessBase"]
[SourceDate "2021.10.06"]
[SourceVersion "1"]
[SourceVersionDate "2021.10.06"]
[SourceQuality "1"]

1. d4 e6 2. Nf3 f5 3. g3 b6 4. Bg2 Bb7 5. O-O Nf6 6. c4 Na6 7. Nc3 Ne4 8. Qa4 Nxc3 9. bxc3 Be7 10. Nh4 Bxg2 11. Nxg2 Qc8 12. Ba3 Bxa3 13. Qxa3 Nb8 14. Rfe1 Qa6 15. Qxa6 Nxa6 16. a4 c6 17. Reb1 Nc7 18. Nf4 Ke7 19. Ra2 d5 20. cxd5 Nxd5 21. Ra3 Nxf4 22. gxf4 Rhd8 23. e3 Rac8 24. a5 b5 25. c4 bxc4 26. Rb7+ Rd7 27. Rb4 Rdc7 28. Rxc4 Rb8 29. Rac3 Kd6 30. Rc5 Rb5 31. Kf1 Rxc5 32. dxc5+ Kd5 33. a6 Rc8 34. Ke2 Rb8 35. Rd3+ Kxc5 36. Rd7 Kb6 37. Rxg7 Rd8 38. Rxh7 Kxa6 39. h4 Kb6 40. h5 a5 41. h6 a4 42. Rg7 Rh8 43. h7 a3 44. Kd2 a2 45. Rg1 Rxh7 46. Ra1 Ra7 47. Kc3 Kc5 48. Kb2 Kb4 49. f3 Ra3 50. Rxa2 Rxa2+ 51. Kxa2 Kc3 52. e4 c5 0-1

[Event "Mauricie op"]
[Site "Trois-Rivieres CAN"]
[Date "2012.03.18"]
[Round "5"]
[White "Masse, Hugues"]
[Black "Laptos, Krzysztof"]
[Result "1/2-1/2"]
[WhiteElo "2277"]
[BlackElo "2230"]
[PlyCount "97"]
[GameId "2160767909575925"]
[EventDate "2012.03.16"]
[EventType "swiss"]
[EventRounds "5"]
[EventCountry "CAN"]
[SourceTitle "EXT 2022"]
[Source "ChessBase"]
[SourceDate "2021.10.06"]
[SourceVersion "1"]
[SourceVersionDate "2021.10.06"]
[SourceQuality "1"]

1. d4 d6 2. Nf3 Bg4 3. c4 Bxf3 4. exf3 c6 5. Nc3 g6 6. Be3 Bg7 7. Qd2 e6 8. O-O-O d5 9. cxd5 cxd5 10. Bb5+ Nd7 11. Bg5 Bf6 12. h4 a6 13. Bxd7+ Qxd7 14. h5 Bg7 15. Bf4 Ne7 16. Kb1 b5 17. Ne2 Nc6 18. Rc1 O-O 19. Bh6 Bxh6 20. Qxh6 Rac8 21. Qd2 e5 22. dxe5 Nxe5 23. Nd4 Nc4 24. Qf4 Qe7 25. h6 Rfe8 26. Ka1 f6 27. Rc2 Qe5 28. Qxe5 fxe5 29. Ne2 d4 30. Rd1 Nd6 31. Rxc8 Rxc8 32. Rc1 Rxc1+ 33. Nxc1 Kf7 34. Nd3 Kf6 35. Kb1 a5 36. Kc2 Nf5 37. Kb3 Nxh6 38. a4 b4 39. Nxb4 axb4 40. a5 d3 41. a6 Nf5 42. a7 Nd4+ 43. Kc4 d2 44. a8=Q d1=Q 45. Qd8+ Kf5 46. Qd7+ Kg5 47. Qd8+ Kh5 48. g4+ Kh6 49. Qh4+ 1/2-1/2

[Event "Mauricie op"]
[Site "Trois-Rivieres CAN"]
[Date "2012.03.18"]
[Round "5"]
[White "Poulin, Mathieu"]
[Black "Wu, Qiyou"]
[Result "0-1"]
[WhiteElo "2015"]
[BlackElo "2017"]
[PlyCount "66"]
[GameId "2160767909575927"]
[EventDate "2012.03.16"]
[EventType "swiss"]
[EventRounds "5"]
[EventCountry "CAN"]
[SourceTitle "EXT 2022"]
[Source "ChessBase"]
[SourceDate "2021.10.06"]
[SourceVersion "1"]
[SourceVersionDate "2021.10.06"]
[SourceQuality "1"]

1. d4 d5 2. c4 e6 3. Nc3 Nf6 4. cxd5 exd5 5. Bg5 Be7 6. Qc2 O-O 7. e3 c6 8. Bd3 Nbd7 9. Nf3 Re8 10. O-O Nf8 11. h3 Bd6 12. Rab1 Ng6 13. b4 a6 14. a4 h6 15. Bxh6 gxh6 16. Bxg6 fxg6 17. Qxg6+ Kh8 18. Qxh6+ Nh7 19. b5 Bf5 20. Rb2 Re6 21. Qh4 Bg6 22. Qg4 Qf6 23. bxc6 bxc6 24. Rb6 Rg8 25. Qh4 Qf5 26. Ne2 Bh5 27. Ng3 Bxf3 28. gxf3 Be7 29. Qf4 Qxh3 30. Rb8 Bf8 31. Rxf8 Nxf8 32. Rb1 Rh6 33. Qe5+ Rg7 0-1

[Event "Mauricie op"]
[Site "Trois-Rivieres CAN"]
[Date "2012.03.18"]
[Round "5"]
[White "Soucy, Hermil"]
[Black "Bergeron, Carl"]
[Result "0-1"]
[WhiteElo "1374"]
[BlackElo "1493"]
[PlyCount "44"]
[GameId "2160767909575928"]
[EventDate "2012.03.16"]
[EventType "swiss"]
[EventRounds "5"]
[EventCountry "CAN"]
[SourceTitle "EXT 2022"]
[Source "ChessBase"]
[SourceDate "2021.10.06"]
[SourceVersion "1"]
[SourceVersionDate "2021.10.06"]
[SourceQuality "1"]

1. Nf3 Nc6 2. Nc3 e5 3. e4 b6 4. Bb5 Bb7 5. Bxc6 Bxc6 6. Nxe5 Bb7 7. O-O d6 8. Nf3 Qd7 9. d3 O-O-O 10. a4 a6 11. b4 h5 12. h4 f5 13. Nd5 fxe4 14. dxe4 Nf6 15. Nxf6 gxf6 16. Bb2 Be7 17. Qe2 Rhg8 18. Kh1 Qg4 19. Rg1 Bxe4 20. Qxa6+ Kb8 21. Bd4 Bxf3 22. Qf1 Qh3# 0-1

[Event "Mauricie op U1400"]
[Site "Trois-Rivieres CAN"]
[Date "2012.03.17"]
[Round "2"]
[White "Gervais, Marcel"]
[Black "Soskic, Milan"]
[Result "1-0"]
[WhiteElo "1259"]
[BlackElo "1354"]
[PlyCount "59"]
[GameId "2160767909575932"]
[EventDate "2012.03.16"]
[EventType "swiss"]
[EventRounds "5"]
[EventCountry "CAN"]

1. e4 c5 2. Nf3 d6 3. Nc3 a6 4. Bc4 e6 5. d4 b5 6. Be2 cxd4 7. Nxd4 Bb7 8. Bf3 Nd7 9. O-O g6 10. e5 Bxf3 11. Nxf3 Nxe5 12. Bf4 Bg7 13. Ne4 Nxf3+ 14. Qxf3 d5 15. Nd6+ Ke7 16. Nxf7 Kxf7 17. Bc7+ Qf6 18. Qe3 Qd4 19. Qh3 Nf6 20. Rad1 Qxb2 21. Rfe1 Rhe8 22. Be5 Qxc2 23. Rc1 Qxa2 24. Rc7+ Re7 25. Rxe7+ Kxe7 26. Bxf6+ Bxf6 27. Qxe6+ Kf8 28. Qxf6+ Kg8 29. Qe6+ Kf8 30. h3 1-0

[Event "Mauricie op U1400"]
[Site "Trois-Rivieres CAN"]
[Date "2012.03.17"]
[Round "3"]
[White "Gervais, Marcel"]
[Black "Paquin, Luc"]
[Result "0-1"]
[WhiteElo "1259"]
[BlackElo "1284"]
[PlyCount "96"]
[GameId "2160767909575933"]
[EventDate "2012.03.16"]
[EventType "swiss"]
[EventRounds "5"]
[EventCountry "CAN"]

1. e4 d5 2. exd5 Nf6 3. Nf3 e6 4. Bb5+ c6 5. dxc6 bxc6 6. Ba4 Bc5 7. O-O O-O 8. d3 h6 9. Nc3 Qc7 10. h3 Nbd7 11. Be3 Rd8 12. Qc1 Kf8 13. Re1 Bb7 14. Bxc5+ Nxc5 15. Qe3 Nxa4 16. Nxa4 Nd5 17. Qc5+ Kg8 18. Nc3 a5 19. Nxd5 Rxd5 20. Qe3 Qd6 21. Ne5 Qc7 22. Nc4 c5 23. Ne5 Qe7 24. c4 Rd4 25. a3 Rad8 26. b4 cxb4 27. axb4 axb4 28. Ra7 Qc7 29. Rb1 Qb6 30. Ra4 Ba8 31. Raxb4 Qc7 32. Ra1 f6 33. Rxa8 fxe5 34. Rxd8+ Rxd8 35. Rb5 Ra8 36. Rb1 Ra3 37. Kf1 Qd6 38. Rb6 Ra1+ 39. Ke2 Qa3 40. Rb8+ Kf7 41. Qf3+ Kg6 42. Qe4+ Kf6 43. Qf3+ Kg6 44. Qg3+ Kf6 45. Rf8+ Qxf8 46. Ke3 Qc5+ 47. Kd2 Ra2+ 48. Kc1 Qa3+ 0-1

[Event "Mauricie op U1400"]
[Site "Trois-Rivieres CAN"]
[Date "2012.03.18"]
[Round "5"]
[White "Saha, Ananda"]
[Black "Gervais, Marcel"]
[Result "0-1"]
[WhiteElo "1393"]
[BlackElo "1259"]
[PlyCount "70"]
[GameId "2160767909575934"]
[EventDate "2012.03.16"]
[EventType "swiss"]
[EventRounds "5"]
[EventCountry "CAN"]

1. d4 d5 2. c4 e5 3. dxe5 d4 4. e3 Bb4+ 5. Bd2 dxe3 6. fxe3 Qh4+ 7. g3 Qe4 8. Qf3 Bxd2+ 9. Nxd2 Qxe5 10. Qe4 Nc6 11. Qxe5+ Nxe5 12. Ngf3 Nxf3+ 13. Nxf3 Nf6 14. Bd3 O-O 15. O-O b6 16. Nd2 Bb7 17. Rf4 Rad8 18. Rd4 c5 19. Rxd8 Rxd8 20. Ne4 Bxe4 21. Bxe4 Nxe4 22. b3 Re8 23. Re1 g5 24. Kg2 g4 25. h3 h5 26. hxg4 hxg4 27. Re2 f5 28. a3 Kf7 29. Re1 Rh8 30. Rh1 Rxh1 31. Kxh1 Nxg3+ 32. Kg2 Ne4 33. Kf1 Nd2+ 34. Ke2 Nxb3 35. Kf2 Nd2 0-1

[Event "Mauricie op U1600"]
[Site "Trois-Rivieres CAN"]
[Date "2012.03.16"]
[Round "1"]
[White "Bourassa, Louis"]
[Black "Pincince, Jacques"]
[Result "0-1"]
[WhiteElo "1472"]
[BlackElo "1330"]
[PlyCount "40"]
[GameId "2160767909575935"]
[EventDate "2012.03.16"]
[EventType "swiss"]
[EventRounds "5"]
[EventCountry "CAN"]

1. e4 c5 2. d4 cxd4 3. c3 e6 4. cxd4 Bb4+ 5. Nc3 Qa5 6. Bd2 Nc6 7. Nf3 Nf6 8. Bd3 O-O 9. a3 Bxc3 10. Bxc3 Qh5 11. O-O a5 12. d5 Ne7 13. Bxf6 gxf6 14. Bc4 Ng6 15. Qd2 Kh8 16. Qc3 e5 17. d6 Nf4 18. Rfd1 Rg8 19. g3 b5 20. Bd5 Ne2+ 0-1

[Event "Mauricie op U1600"]
[Site "Trois-Rivieres CAN"]
[Date "2012.03.16"]
[Round "1"]
[White "Jacques, Simon"]
[Black "Alain, Mario"]
[Result "1-0"]
[WhiteElo "1345"]
[BlackElo "1490"]
[PlyCount "57"]
[GameId "2160767909575936"]
[EventDate "2012.03.16"]
[EventType "swiss"]
[EventRounds "5"]
[EventCountry "CAN"]

1. e4 e5 2. f4 d6 3. Nf3 Nc6 4. Bc4 h6 5. Nc3 Bg4 6. O-O Nd4 7. Nxe5 dxe5 8. Qxg4 Nf6 9. Bxf7+ Kxf7 10. fxe5 Nxc2 11. exf6 Qd4+ 12. Kh1 g6 13. Nd5 Rd8 14. Nxc7 Qd7 15. Qg3 Bd6 16. Qb3+ Kf8 17. Ne6+ Ke8 18. Ng7+ Kf8 19. Qxc2 Kg8 20. e5 Bxe5 21. Qxg6 Qd3 22. f7+ Kf8 23. Ne6+ Ke7 24. Qxd3 Rxd3 25. f8=Q+ Rxf8 26. Nxf8 Rd6 27. Rb1 Bg7 28. b3 Bxf8 29. Ba3 1-0

[Event "Mauricie op U1600"]
[Site "Trois-Rivieres CAN"]
[Date "2012.03.17"]
[Round "2"]
[White "Bolduc, Jacques"]
[Black "Bourassa, Louis"]
[Result "1-0"]
[WhiteElo "1402"]
[BlackElo "1472"]
[PlyCount "35"]
[GameId "2160767909575937"]
[EventDate "2012.03.16"]
[EventType "swiss"]
[EventRounds "5"]
[EventCountry "CAN"]

1. d4 f5 2. c4 Nf6 3. Nc3 e6 4. e3 d5 5. Bd3 c6 6. Nge2 Bd6 7. O-O O-O 8. c5 Bc7 9. f3 Qe8 10. e4 fxe4 11. fxe4 e5 12. exd5 cxd5 13. dxe5 Bxe5 14. Nxd5 Qh5 15. Nxf6+ Rxf6 16. Bc4+ Kf8 17. Rxf6+ gxf6 18. Qd8+ 1-0

[Event "Mauricie op U1600"]
[Site "Trois-Rivieres CAN"]
[Date "2012.03.17"]
[Round "2"]
[White "Jacques, Simon"]
[Black "Hayne, Cameron"]
[Result "1-0"]
[WhiteElo "1345"]
[BlackElo "1508"]
[PlyCount "51"]
[GameId "2160767909575938"]
[EventDate "2012.03.16"]
[EventType "swiss"]
[EventRounds "5"]
[EventCountry "CAN"]

1. e4 c5 2. c3 Nf6 3. Bd3 Nc6 4. Bc2 d5 5. exd5 Qxd5 6. Nf3 Bg4 7. Na3 Bxf3 8. Qxf3 Qxf3 9. gxf3 O-O-O 10. Be4 Nxe4 11. fxe4 Ne5 12. Nc2 Nd3+ 13. Ke2 g6 14. b4 Bh6 15. Rd1 Nxc1+ 16. Raxc1 b6 17. bxc5 bxc5 18. Rb1 Kc7 19. d4 Rb8 20. Ne3 e6 21. d5 Rxb1 22. Rxb1 Rb8 23. d6+ Kc8 24. d7+ Kc7 25. Rxb8 Kxb8 26. d8=Q+ 1-0

[Event "Mauricie op U1600"]
[Site "Trois-Rivieres CAN"]
[Date "2012.03.17"]
[Round "3"]
[White "Bourassa, Louis"]
[Black "Savaria, Georges-Patrick"]
[Result "1/2-1/2"]
[WhiteElo "1472"]
[BlackElo "1397"]
[PlyCount "65"]
[GameId "2160767909575939"]
[EventDate "2012.03.16"]
[EventType "swiss"]
[EventRounds "5"]
[EventCountry "CAN"]

1. e4 e6 2. d4 d5 3. e5 c5 4. c3 Nc6 5. Nf3 Qb6 6. a3 c4 7. Be2 Na5 8. Nbd2 Bd7 9. a4 Rc8 10. O-O Qc6 11. Qc2 Be7 12. h4 h6 13. Bd1 b6 14. Re1 Qc7 15. Re3 Qd8 16. g3 g5 17. hxg5 hxg5 18. b4 Nc6 19. Nh2 Bf8 20. Ng4 Nce7 21. Nf3 Nf5 22. Re1 Be7 23. b5 Ngh6 24. Nfh2 Rc7 25. Ba3 Ng8 26. Bxe7 Qxe7 27. Qd2 Kd8 28. Bc2 Be8 29. Nf3 f6 30. Bxf5 exf5 31. exf6 Qh7 32. Ngh2 Nxf6 33. Qxg5 1/2-1/2

[Event "Mauricie op U1600"]
[Site "Trois-Rivieres CAN"]
[Date "2012.03.18"]
[Round "4"]
[White "Desjardins, Andre2"]
[Black "Bourassa, Louis"]
[Result "0-1"]
[WhiteElo "1192"]
[BlackElo "1472"]
[PlyCount "60"]
[GameId "2160767909575940"]
[EventDate "2012.03.16"]
[EventType "swiss"]
[EventRounds "5"]
[EventCountry "CAN"]

1. e4 e5 2. Nf3 Nf6 3. Nxe5 d6 4. Nf3 Nxe4 5. Bc4 d5 6. Bb3 Nc6 7. d3 Nf6 8. Bg5 Be7 9. Nc3 Be6 10. O-O O-O 11. Re1 h6 12. Bh4 Qd7 13. Ne5 Nxe5 14. Rxe5 c6 15. Qf3 Rae8 16. Ne2 Bg4 17. Qe3 Bd6 18. Bxf6 Bxe5 19. Bxe5 f6 20. d4 fxe5 21. Qd3 Bxe2 22. Qxe2 exd4 23. Qd3 Re4 24. Qg3 Rfe8 25. f3 Re3 26. Kf1 Qf5 27. c4 Qd3+ 28. Kg1 Qd2 29. cxd5 Re1+ 30. Rxe1 Rxe1+ 0-1

[Event "Mauricie op U1600"]
[Site "Trois-Rivieres CAN"]
[Date "2012.03.18"]
[Round "5"]
[White "Bourassa, Louis"]
[Black "Gervais, Guillaume"]
[Result "1-0"]
[WhiteElo "1472"]
[BlackElo "1273"]
[PlyCount "49"]
[GameId "2160767909575941"]
[EventDate "2012.03.16"]
[EventType "swiss"]
[EventRounds "5"]
[EventCountry "CAN"]

1. e4 c5 2. d4 cxd4 3. c3 dxc3 4. Nxc3 d6 5. Nf3 Nf6 6. Bc4 e6 7. Qe2 Be7 8. O-O O-O 9. Rd1 Nbd7 10. Bg5 Qc7 11. Rac1 Rd8 12. Nb5 Qb8 13. Bb3 Nc5 14. e5 Nxb3 15. axb3 dxe5 16. Nc7 Rxd1+ 17. Qxd1 e4 18. Ne5 h6 19. Bh4 g5 20. Bg3 Nd5 21. Nxa8 Qxa8 22. Qh5 Nf4 23. Qxf7+ Kh8 24. Bxf4 gxf4 25. Ng6# 1-0

[Event "Mauricie op U1800"]
[Site "Trois-Rivieres CAN"]
[Date "2012.03.16"]
[Round "1"]
[White "Grenier, Jean-Luc"]
[Black "Bedard, Michel"]
[Result "1-0"]
[WhiteElo "1738"]
[BlackElo "1631"]
[PlyCount "47"]
[GameId "2160767909575942"]
[EventDate "2012.03.16"]
[EventType "swiss"]
[EventRounds "5"]
[EventCountry "CAN"]

1. e4 e5 2. Nf3 Nf6 3. Nxe5 d6 4. Nf3 Nxe4 5. d4 d5 6. Bd3 Be7 7. O-O O-O 8. c4 c6 9. Nc3 Nxc3 10. bxc3 Bg4 11. Re1 h6 12. Bf4 Nd7 13. Re3 Nf6 14. Qd2 Nh5 15. Be5 f6 16. Bg3 Nxg3 17. hxg3 Bxf3 18. gxf3 b6 19. Bf5 dxc4 20. Qe2 Bd6 21. Qxc4+ Kh8 22. Qxc6 Qc7 23. Qe4 Rf7 24. Qxa8+ 1-0